Kongzi si xiang ti xi /
Saved in:
| Main Author: | |
|---|---|
| Format: | Book |
| Language: | Chinese |
| Published: |
Shanghai :
Shanghai ren min chu ban she : Xin hua shu dian Shanghai fa xing suo fa xing,
1982.
|
| Edition: | Di 1 ban. |
| Subjects: | |
| Tags: |
Add Tag
No Tags, Be the first to tag this record!
|
| LEADER | 00962cam a2200277 a 4500 | ||
|---|---|---|---|
| 001 | 007724138-X | ||
| 005 | 20024617103528.0 | ||
| 008 | 820916s1982 cc b 000 0 chi | ||
| 010 | |a 82208305 | ||
| 020 | |c RMBY0.95 | ||
| 035 | 0 | |a ocm17092482 | |
| 040 | |a DLC |c DLC |d OCoLC |d *YNH* |d CStRLIN | ||
| 050 | 0 | |a B128.C8T73 1982 Orien China | |
| 100 | 1 | |6 880-01 |a Cai, Shangsi, |d 1905- | |
| 245 | 1 | 0 | |6 880-02 |a Kongzi si xiang ti xi / |c Cai Shangsi. |
| 250 | |6 880-03 |a Di 1 ban. | ||
| 260 | |6 880-04 |a Shanghai : |b Shanghai ren min chu ban she : |b Xin hua shu dian Shanghai fa xing suo fa xing, |c 1982. | ||
| 300 | |a 3, 2, 293 p. ; |c 21 cm. | ||
| 504 | |a Includes bibliographical references. | ||
| 600 | 0 | 0 | |a Confucius. |
| 880 | 1 | |6 100-01 |a 蔡尚思, |d 1905- | |
| 880 | 1 | 0 | |6 245-02 |a 孔子思想体系 / |c 蔡尚思. |
| 880 | |6 250-03 |a 第1版. | ||
| 880 | |6 260-04 |a 上海 : |b 上海人民出版社 : |b 新华書店上海发行所发行, |c 1982. | ||
| 988 | |a 20021127 | ||
| 906 | |0 DLC | ||


